UBT Library

Human resource management / (Record no. 1306)

000 -LEADER
fixed length control field 00562nam a22001937a 4500
008 - FIXED-LENGTH DATA ELEMENTS--GENERAL INFORMATION
fixed length control field 151015b xxu||||| |||| 00| 0 eng d
020 ## - INTERNATIONAL STANDARD BOOK NUMBER
International Standard Book Number 9780324542752
020 ## - INTERNATIONAL STANDARD BOOK NUMBER
International Standard Book Number 0324542755
041 0# - LANGUAGE CODE
Language code of text/sound track or separate title eng
080 ## - UNIVERSAL DECIMAL CLASSIFICATION NUMBER
Universal Decimal Classification number 658.3
100 1# - Rafti
Rafti Mathis, Robert L.,
245 10 - TITLE STATEMENT
Title Human resource management /
Statement of responsibility, etc Robert L. Mathis, John H. Jackson.
250 ## -
-- 12th ed.
260 ## -
-- Mason, OH :
-- Thomson/South-western,
-- 2008.
300 ## -
-- xxix, 592 f. :
-- me il.;
-- 27 cm.
650 #0 -
-- Menaxhimi i burimeve njerëzore
700 ## -
-- Jackson, John Harold.
942 ## - ADDED ENTRY ELEMENTS (KOHA)
Source of classification or shelving scheme
Item type Books
Holdings
Withdrawn status Lost status Source of classification or shelving scheme Damaged status Not for loan Collection code Permanent location Current location Shelving location Date acquired Total Checkouts Full call number Barcode Date last seen Price effective from Koha item type
          Koleksioni i përgjithshem UBT - Lipjan UBT - Lipjan Koleksioni i përgjithshem 10/15/2015   658.3 MATH 002-008387 10/15/2015 10/15/2015 Books
          Koleksioni i përgjithshem UBT - Lipjan UBT - Lipjan Koleksioni i përgjithshem 10/19/2017   338 DAF 002-2932631 10/19/2017 10/19/2017 Books
          Koleksioni i përgjithshem UBT - Lipjan UBT - Lipjan Koleksioni i përgjithshem 08/15/2018   331.101.262 MAT 002-3011371 08/15/2018 08/15/2018 Books
UBT Library © 2015-2024. All rights reserved University Education for Business and Technology